00427 a2200121 4500100003300000245004400033300004300077650001800120773005500138942000700193952008800200999001700288 aAGBEY, Gilbert Mawuli924106 aTalensi: rocks shelters, shrines & gold aFriday, September 1,2023 Pages 16 & 17 aTourism952660 x0855-1529tDaily GraphicdAccra Daily Graphic 2023 cPR 001040718PRaPLbPLcTFEWd2023-09-11l0r2023-09-11 00:00:00t1w2023-09-11yPR c45829d45829